| 000 | 01022nam a2200241 a 4500 | ||
|---|---|---|---|
| 999 |
_c5703 _d5703 |
||
| 001 | 5703 | ||
| 003 | BD-JhCC | ||
| 005 | 20171227162559.0 | ||
| 008 | 171220s20132014bg a|||| || | 000 0 eng d | ||
| 035 | _a(BD-JhCC)5703 | ||
| 040 |
_aBD-JhCC _dBD-JhCC |
||
| 041 | _aeng | ||
| 082 |
_a540 _bABE 2014 |
||
| 100 | _aআবেদীন, মোহাম্মদ জয়নাল | ||
| 245 |
_aরসায়ন প্রথম পত্র একাদশ-দ্বাদশ শ্রেণি / _cমোহাম্মদ জয়নাল আবেদীন, এস এম ওয়াহিদুজ্জামান এবং মো. আব্দুল হান্নান |
||
| 260 |
_aঢাকা : _bকোয়ালিটি পাবলিকেশন, _c2014. |
||
| 300 |
_aiv 286 p. : _c24 cm. |
||
| 650 | _aChemistry | ||
| 700 | _aওয়াহিদুজ্জামান, এস এম | ||
| 700 | _aহান্নান, মো. আব্দুল | ||
| 942 |
_2ddc _cBK |
||